000 01207nac a22002771u 4500
008 100922t xxu||||| |||| 00| 0 eng d
010 _a2002278897
020 _a0070586608
082 0 0 _a658.84
_bJAM
100 _aJames, David,
_919738
245 1 0 _aOracle E-Business Suite Financials Handbook /
_cDavid James, Simon Russell, Graham Seibert.
246 3 _aOracle ebusiness suite financials handbook
246 3 _aE-business suite financials handbook
246 3 _aEbusiness suite financial handbook
260 _aNew Delhi :
_bMcGraw-Hill/Osborne,
_c2002
300 _axlvi, 873 p. :
_bill. ;
_c24 cm.
504 _aIncludes bibliographical references and index.
650 0 _aElectronic commerce.
_919739
650 0 _aFinance
_xComputer programs.
_919740
650 0 _aDatabase design.
_919741
700 1 _aRussell, Simon,
_d1965 Sept. 23-
_919742
700 1 _aSeibert, Graham H.
_919743
856 4 2 _3Publisher description
_uhttp://www.loc.gov/catdir/description/mh022/2002278897.html
942 _cBB
_k658.84JAM
_2ddc
999 _c720
_d720